Online
Catalog

Filosofía Política II : (Record no. 41118)

MARC details
000 -CABECERA
campo de control de longitud fija 00854nam a2200229 a 4500
001 - NÚMERO DE CONTROL
campo de control 000041628
005 - FECHA Y HORA DE LA ÚLTIMA TRANSACCIÓN
campo de control 20201002035656.0
008 - DATOS DE LONGITUD FIJA--INFORMACIÓN GENERAL
campo de control de longitud fija 131014s1996 sp 001 0 spa d
020 ## - NÚMERO INTERNACIONAL ESTÁNDAR DEL LIBRO
Número Internacional Estándar del Libro 8481641081
040 ## - FUENTE DE LA CATALOGACIÓN
Centro catalogador/agencia de origen DO-SdBNP
Lengua de catalogación spa
Centro/agencia transcriptor BNPHU
245 00 - MENCIÓN DE TÍTULO
Título Filosofía Política II :
Resto del título teoría del estado /
Mención de responsabilidad, etc. edición de Elías Díaz y Alfonso Ruiz Miguel.
260 ## - PUBLICACIÓN, DISTRIBUCIÓN, ETC.
Lugar de publicación, distribución, etc. Madrid :
Nombre del editor, distribuidor, etc. Consejo Superior de Investigaciones Científicas,
Fecha de publicación, distribución, etc. 1996.
300 ## - DESCRIPCIÓN FÍSICA
Extensión 272 p. ;
Dimensiones 24 cm.
490 1# - MENCIÓN DE SERIE
Mención de serie Enciclopedia Iberoaméricana de Filosofía
Designación de volumen o secuencia 10
500 ## - NOTA GENERAL
Nota general Incluye índice
504 ## - NOTA DE BIBLIOGRAFÍA, ETC.
Nota de bibliografía, etc. Bibliografía :
505 ## - NOTA DE CONTENIDO CON FORMATO
Nota de contenido con formato v. 2
Título Teoría del Estado
700 1# - PUNTO DE ACCESO ADICIONAL--NOMBRE DE PERSONA
Nombre de persona Díaz, Elías,
Término indicativo de función/relación ed.
9 (RLIN) 19288
700 1# - PUNTO DE ACCESO ADICIONAL--NOMBRE DE PERSONA
Nombre de persona Ruiz Miguel, Alfonso,
Término indicativo de función/relación ed.
9 (RLIN) 68411
710 2# - PUNTO DE ACCESO ADICIONAL--NOMBRE DE ENTIDAD CORPORATIVA
Nombre de entidad corporativa o nombre de jurisdicción como elemento de entrada Consejo Superior de Investigaciones Científicas
9 (RLIN) 4786
830 #0 - PUNTO DE ACCESO ADICIONAL DE SERIE-TÍTULO UNIFORME
Título uniforme Enciclopedia Iberoaméricana de Filosofía
Designación de volumen o secuencia 10
9 (RLIN) 15735
Holdings
Estado de retiro Estado de pérdida Restricciones de uso No para préstamo Código de colección Localización permanente Ubicación/localización actual Ubicación en estantería Fecha de adquisición Número de inventario Total de préstamos Signatura topográfica completa Código de barras Fecha visto por última vez Precio válido a partir de Tipo de ítem Koha Número de copia
      Excluido de préstamo Monografías: Libros y Folletos General General En catalogación 14.10.2013 LF1   41628-10 25.06.2020 25.06.2020 No se presta  
      Excluido de préstamo Monografías: Libros y Folletos General General En catalogación 14.10.2013 LF1   41628-20 25.06.2020 25.06.2020 No se presta e. 2

Powered by Koha